[Event "Hessen-ch U18"]
[Site "Bad Homburg"]
[Date "2015.04.02"]
[Round "6"]
[White "Laval, Simon"]
[Black "Mohanadhasan, Theisiyan"]
[Result "1/2-1/2"]
[WhiteElo "1382"]
[BlackElo "949"]
[PlyCount "82"]
[EventDate "2015.03.30"]
[EventType "swiss"]
[EventRounds "7"]
[EventCountry "GER"]
[SourceTitle "EXT 2017"]
[Source "ChessBase"]
[SourceDate "2016.10.25"]
[SourceVersion "1"]
[SourceVersionDate "2016.10.25"]
[SourceQuality "1"]

1. e4 e6 2. d4 d5 3. exd5 exd5 4. Bd3 Nc6 5. c3 Bd6 6. Ne2 Nf6 7. h3 g6 8. Qc2 Ne7 9. Bg5 Nh5 10. Qc1 f6 11. Bd2 Be6 12. Nf4 Nxf4 13. Bxf4 Bf5 14. Bxf5 Nxf5 15. 0-0 Bxf4 16. Qxf4 Qe7 17. Nd2 0-0-0 18. Rfe1 Qd6 19. Qxd6 Nxd6 20. Re2 Rhe8 21. Rae1 Rxe2 22. Rxe2 b6 23. Kf1 Re8 24. Rxe8+ Nxe8 25. Ke2 Nd6 26. Kd3 b5 27. a3 c6 28. b3 Kc7 29. Nf1 Nb7 30. Ne3 Na5 31. Kc2 Kd6 32. b4 Nc4 33. Nxc4+ bxc4 34. g4 Ke6 35. Kd2 f5 36. Ke3 g5 37. f4 fxg4 38. hxg4 gxf4+ 39. Kxf4 Kf6 40. g5+ Ke6 41. Kg4 a6 1/2-1/2

[Event "Hessen-ch U18"]
[Site "Bad Homburg"]
[Date "2015.04.02"]
[Round "5"]
[White "Tampe, Alexander"]
[Black "Laval, Simon"]
[Result "1-0"]
[WhiteElo "1719"]
[BlackElo "1382"]
[PlyCount "105"]
[EventDate "2015.03.30"]
[EventType "swiss"]
[EventRounds "7"]
[EventCountry "GER"]
[SourceTitle "EXT 2017"]
[Source "ChessBase"]
[SourceDate "2016.10.25"]
[SourceVersion "1"]
[SourceVersionDate "2016.10.25"]
[SourceQuality "1"]

1. e4 e5 2. Nf3 Nc6 3. Bc4 Bc5 4. c3 Nf6 5. d4 exd4 6. cxd4 Bb4+ 7. Bd2 Bxd2+ 8. Nbxd2 d6 9. 0-0 0-0 10. Re1 Re8 11. Qc2 h6 12. Rad1 Bg4 13. Rc1 a6 14. d5 Ne5 15. Be2 Rc8 16. Nxe5 Rxe5 17. Bxg4 Nxg4 18. f3 Nf6 19. Nc4 Re7 20. Re3 Ne8 21. Rc3 Rb8 22. Nd2 f6 23. a4 b6 24. b4 Qc8 25. Nb3 Qb7 26. Nd4 Rf7 27. Ne6 Rc8 28. g4 Qa7 29. Qf2 Ra8 30. Kg2 b5 31. Qxa7 Rxa7 32. a5 Re7 33. Nd4 Ra8 34. h4 g6 35. Kf2 Kf7 36. h5 Ng7 37. hxg6+ Kxg6 38. Rxc7 Rae8 39. R1c6 h5 40. Rxe7 Rxe7 41. gxh5+ Nxh5 42. Rxa6 Rh7 43. Rxd6 Nf4 44. Ke3 Ng2+ 45. Kd2 Rh2 46. a6 Nf4+ 47. Kc3 Rh1 48. a7 Rc1+ 49. Kd2 Ra1 50. Nxb5 Ra2+ 51. Ke3 Kg5 52. Rd8 Re2+ 53. Kd4 1-0

[Event "Hessen-ch U18"]
[Site "Bad Homburg"]
[Date "2015.04.01"]
[Round "4"]
[White "Thomas, Tobias"]
[Black "Laval, Simon"]
[Result "1-0"]
[WhiteElo "1796"]
[BlackElo "1382"]
[PlyCount "55"]
[EventDate "2015.03.30"]
[EventType "swiss"]
[EventRounds "7"]
[EventCountry "GER"]
[SourceTitle "EXT 2017"]
[Source "ChessBase"]
[SourceDate "2016.10.25"]
[SourceVersion "1"]
[SourceVersionDate "2016.10.25"]
[SourceQuality "1"]

1. e4 e5 2. Nf3 Nc6 3. d4 exd4 4. Nxd4 Bc5 5. Be3 Qf6 6. c3 Nge7 7. g3 0-0 8. Bg2 Nxd4 9. cxd4 Bb4+ 10. Nc3 Ng6 11. 0-0 c6 12. f4 Re8 13. Qf3 Bxc3 14. bxc3 Qe7 15. Rae1 b6 16. f5 Nh8 17. e5 Bb7 18. f6 Qf8 19. Qg4 g6 20. Qh4 Red8 21. Bh6 Qa3 22. Bg7 Qxc3 23. Qh6 Qxd4+ 24. Kh1 Qc5 25. Re4 Qc2 26. Qxh7+ Kxh7 27. Rh4+ Kg8 28. Rxh8# 1-0

[Event "Hessen-ch U18"]
[Site "Bad Homburg"]
[Date "2015.03.30"]
[Round "1"]
[White "Laval, Simon"]
[Black "Oezdemir, Ali Oezden"]
[Result "1/2-1/2"]
[WhiteElo "1382"]
[BlackElo "1983"]
[PlyCount "43"]
[EventDate "2015.03.30"]
[EventType "swiss"]
[EventRounds "7"]
[EventCountry "GER"]
[SourceTitle "EXT 2017"]
[Source "ChessBase"]
[SourceDate "2016.10.25"]
[SourceVersion "1"]
[SourceVersionDate "2016.10.25"]
[SourceQuality "1"]

1. e4 c5 2. c3 Nf6 3. e5 Nd5 4. Bc4 Nb6 5. Bb3 c4 6. Bc2 Nc6 7. Nf3 Qc7 8. Qe2 d6 9. exd6 Qxd6 10. 0-0 Bg4 11. Re1 e6 12. b3 cxb3 13. axb3 Nd5 14. Ba3 Qf4 15. Be4 Nf6 16. Bxc6+ bxc6 17. Bxf8 Bxf3 18. Qxf3 Qxf3 19. gxf3 Rxf8 20. Na3 Rc8 21. Nc4 Rc7 22. Ra3 1/2-1/2

[Event "Karl Mala Memorial op-B 16th"]
[Site "Frankfurt"]
[Date "2013.07.13"]
[Round "4"]
[White "Laval, Simon"]
[Black "Smith Meyer, Geir"]
[Result "1-0"]
[WhiteElo "1090"]
[BlackElo "1625"]
[PlyCount "65"]
[EventDate "2013.07.11"]
[EventType "swiss"]
[EventRounds "7"]
[EventCountry "GER"]
[SourceTitle "CBM 155 Extra"]
[Source "ChessBase"]
[SourceDate "2013.08.26"]
[SourceVersion "1"]
[SourceVersionDate "2013.08.26"]
[SourceQuality "1"]

1. e4 d5 2. exd5 Qxd5 3. Nc3 Qa5 4. Bc4 Bf5 5. d4 c6 6. Nf3 e6 7. Bd2 Qb6 8. 0-0 Nf6 9. Be3 Qc7 10. h3 Bd6 11. Qd2 Nbd7 12. Ne2 Nb6 13. Bd3 Ne4 14. Qc1 Nd5 15. Re1 Nxe3 16. Qxe3 Nf6 17. Bxf5 0-0-0 18. Bd3 Nd5 19. Qe4 f5 20. Qxe6+ Kb8 21. Qxf5 g6 22. Qg5 Be7 23. Qd2 h6 24. Bxg6 Rd6 25. Be4 Nf6 26. Qf4 Rf8 27. Ng3 Nd5 28. Qe5 Bf6 29. Qh5 Nf4 30. Qxh6 Bg7 31. Qg5 Ne6 32. Qe3 Bh6 33. Qxh6 1-0

[Event "Karl Mala Memorial op-B 16th"]
[Site "Frankfurt"]
[Date "2013.07.12"]
[Round "3"]
[White "Roehlich, Dirk"]
[Black "Laval, Simon"]
[Result "1-0"]
[WhiteElo "1982"]
[BlackElo "1090"]
[PlyCount "109"]
[EventDate "2013.07.11"]
[EventType "swiss"]
[EventRounds "7"]
[EventCountry "GER"]
[SourceTitle "CBM 155 Extra"]
[Source "ChessBase"]
[SourceDate "2013.08.26"]
[SourceVersion "1"]
[SourceVersionDate "2013.08.26"]
[SourceQuality "1"]

1. e4 d5 2. exd5 Qxd5 3. Nc3 Qa5 4. d4 Nf6 5. Nf3 Bf5 6. Bd2 e6 7. Bc4 c6 8. 0-0 Qc7 9. Re1 Bd6 10. d5 cxd5 11. Bxd5 0-0 12. Bb3 Nc6 13. h3 Rad8 14. Nb5 Qb6 15. Nxd6 Rxd6 16. Qe2 h6 17. Be3 Qc7 18. Bc5 Re8 19. Bxd6 Qxd6 20. c3 a6 21. Rad1 Qc7 22. Nd4 Be4 23. Nxc6 Bxc6 24. Qe5 Qb6 25. Qd4 Qc7 26. Re3 e5 27. Qd6 Qc8 28. Rxe5 Ne4 29. Rxe8+ Qxe8 30. Qd8 Kf8 31. Qxe8+ Bxe8 32. Bd5 Nd6 33. c4 b6 34. b4 Ba4 35. Rc1 Ke7 36. c5 bxc5 37. bxc5 Ne8 38. g4 Nc7 39. Be4 f6 40. Kh2 Ke6 41. f4 g5 42. Kg3 a5 43. a3 Bb3 44. Bc2 Bxc2 45. Rxc2 Kd5 46. f5 Nb5 47. c6 Kd6 48. a4 Nc7 49. Kf3 Kd5 50. Ke3 Ke5 51. Rd2 Na6 52. Rd7 Nc7 53. Rxc7 Kd6 54. Rf7 Kxc6 55. Rxf6+ 1-0

[Event "Karl Mala Memorial op-B 16th"]
[Site "Frankfurt"]
[Date "2013.07.11"]
[Round "1"]
[White "Urbach, Jens"]
[Black "Laval, Simon"]
[Result "0-1"]
[WhiteElo "1605"]
[BlackElo "1090"]
[PlyCount "80"]
[EventDate "2013.07.11"]
[EventType "swiss"]
[EventRounds "7"]
[EventCountry "GER"]
[SourceTitle "CBM 155 Extra"]
[Source "ChessBase"]
[SourceDate "2013.08.26"]
[SourceVersion "1"]
[SourceVersionDate "2013.08.26"]
[SourceQuality "1"]

1. e4 d5 2. exd5 Qxd5 3. Nc3 Qa5 4. d4 Nf6 5. Bd2 a6 6. Ne4 Qf5 7. Ng3 Qd5 8. Nf3 Bg4 9. c4 Bxf3 10. Qxf3 Qxf3 11. gxf3 e6 12. 0-0-0 Nc6 13. Bc3 0-0-0 14. Bh3 Kb8 15. a3 Be7 16. Ne4 Nh5 17. Ng3 Nf4 18. Bf1 Bg5 19. Kc2 Bf6 20. Ne2 Nxe2 21. Bxe2 Bxd4 22. Bxd4 Nxd4+ 23. Kd3 Nxf3+ 24. Ke3 Ne5 25. b3 Kc8 26. Rdg1 g6 27. f4 Nc6 28. b4 Nd4 29. Bd3 Nf5+ 30. Bxf5 exf5 31. Rc1 Rhe8+ 32. Kf3 Rd3+ 33. Kg2 Rxa3 34. Rhd1 Rae3 35. Rd4 R3e4 36. Rcd1 Rxd4 37. Rxd4 Re4 38. Rd3 Rxc4 39. Kg3 Rxb4 40. Re3 Re4 0-1

[Event "Hessen-ch U17 Open"]
[Site "Bad Homburg"]
[Date "2013.??.??"]
[Round "7"]
[White "Wohlfart, Benjamin"]
[Black "Laval, Simon"]
[Result "1/2-1/2"]
[WhiteElo "1155"]
[BlackElo "851"]
[PlyCount "57"]
[EventDate "2013.03.??"]
[EventType "swiss"]
[EventRounds "7"]
[EventCountry "GER"]
[SourceTitle "EXT 2014"]
[Source "ChessBase"]
[SourceDate "2013.11.20"]
[SourceVersion "1"]
[SourceVersionDate "2013.11.20"]
[SourceQuality "1"]

1. d4 d5 2. c4 e6 3. Nf3 Nf6 4. e3 Be7 5. Nc3 Nc6 6. Be2 0-0 7. 0-0 Bd6 8. a3 b6 9. b4 a5 10. bxa5 Rxa5 11. Nb5 dxc4 12. Bxc4 Bb7 13. Bd2 Ra8 14. Nxd6 Qxd6 15. Qb3 Na5 16. Bxa5 Rxa5 17. Rfc1 Rh5 18. Ne5 Rg5 19. f3 Nd5 20. Bb5 c5 21. Nd7 Rd8 22. dxc5 bxc5 23. Nxc5 Ba8 24. Ne4 Qe5 25. Nxg5 Qxg5 26. e4 Nf4 27. Qc2 h6 28. Ra2 Qxb5 29. Rd1 1/2-1/2